000 00419nam a2200169Ia 4500
001 25363
003 IN-NITTTR
005 20251114233322.0
008 251113s9999||||xx |||||||||||||| ||eng||
040 _beng
040 _cIN-NITTTR
041 _aeng
082 _a658.4093 M85M
100 _aMoss, Geoffrey
245 0 _aManaging for tomorrow :
_b a mentor for new team leaders /
_cMoss, Geoffrey
942 _2ddc
_cBK
999 _c27992
_d27992